[Event "32nd Reykjavik Open 2017"]
[Site "Reykjavik"]
[Date "2017.04.21"]
[Round "4"]
[White "Piasetski, Leon"]
[Black "Firat, Burak"]
[Result "1/2-1/2"]
[WhiteElo "2300"]
[BlackElo "2503"]
[Annotator "TA"]
[PlyCount "87"]
[EventDate "2017.??.??"]
[EventType "swiss"]
[EventCountry "ISL"]
[SourceTitle "playchess.com"]
[Source "ChessBase"]
[SourceQuality "1"]

{[%evp 18,87,31,29,20,37,71,67,68,55,72,79,69,49,52,42,74,0,0,0,0,0,0,-3,46,23,22,6,43,-22,-12,-12,0,0,0,-38,-31,-43,0,-260,-250,-243,-235,-237,-153,-156,0,-61,-70,-113,-106,-191,-137,-116,-152,-255,-252,-492,455,485,482,480,472,487,461,164,156,149,149,0,0,0]} 1. Nf3 Nf6 2. c4 e6 3. g3 d5 4. Bg2 Be7 5. O-O O-O 6. d4 c6 7. Qc2 b6 8. Rd1 Bb7 9. Nc3 Na6 10. b3 Nb4 {E06: Closed Catalan: Early deviations} (10... Qc8 11. Bg5 h6 12. Bxf6 Bxf6 13. Rac1 Rd8 14. e3 dxc4 15. bxc4 c5 16. Ne4 Be7 17. Ne5 Qc7 18. Qe2 cxd4 19. exd4 {0-1 (66) Bauer,C (2624)-Fedorchuk,S (2641) Vandoeuvre 2015}) 11. Qb1 Rc8 $146 (11... Qc8 12. a3 Na6 13. cxd5 exd5 14. Ne5 Nc7 15. Bb2 c5 16. e3 Re8 17. dxc5 bxc5 18. Qc2 {0-1 (44) Straub,N (2168)-Kachiani Gersinska,K (2334) Dresden 2016}) 12. a3 Na6 {White is slightly better.} 13. e4 Re8 14. Ne5 Nd7 15. Bf4 {[%cal Re4d5]} (15. exd5 $5 {looks sharper.} cxd5 16. Nb5 Ra8 17. Bf4 Nf8 18. h4) 15... Nxe5 16. Bxe5 Bg5 17. Ne2 (17. exd5 $16 cxd5 18. Nb5) 17... Qe7 $11 18. Qd3 f6 19. Bf4 Bxf4 20. gxf4 e5 21. fxe5 fxe5 22. Ng3 {[%cal Rc4d5]} exd4 23. b4 (23. Qxd4 Nc5 24. Qe3 (24. cxd5 Nxb3 25. Nf5 Qf7 $15) 24... dxc4 25. bxc4 Qf6 $15) (23. exd5 $14 Nc5 24. Qb1) 23... dxe4 24. Bxe4 c5 {[%cal Rb7e4]} 25. Bxh7+ Kh8 26. Bg6 {Qf5 is the strong threat.} Rf8 27. Re1 Qf6 {[%csl Gf8][%cal Rf6f2]} 28. Ra2 $2 {[%mdl 8192]} (28. Qf5 $11 Qh4 29. Qh5+ Qxh5 30. Bxh5 (30. Nxh5 d3 31. Bxd3 cxb4 32. axb4 Nxb4 $11)) 28... cxb4 $19 29. Nh5 Qg5+ $40 {[%mdl 128] Black is out for blood.} 30. Qg3 Qxg3+ 31. fxg3 Rc6 $2 (31... Rxc4 32. Rf2 Rfc8 33. Rf7 $15) (31... b3 $17 32. Rb2 Nc5) 32. Nf4 ({White should play} 32. Rf2 $11 Rfc8 33. Bf5) 32... b3 $15 (32... Rxc4 33. Bd3 Rc3 34. Bxa6 Bxa6 35. Ng6+ (35. axb4 Bc4 36. Rxa7 Kh7 $14) 35... Kg8 36. Nxf8 $16) 33. Rae2 {next Be4 is good for White.} Nc5 (33... Rxc4 $6 34. Bd3 Rc3 35. Ng6+ Kg8 36. Ne7+ (36. Nxf8 Rxd3 37. Ng6 Nc5 38. Ne7+ Kh7 $19) 36... Kh8 37. Re5 $11 (37. Ng6+ Kg8 $11)) 34. Re5 (34. Re8 $17 Rc8 35. R8e7) 34... Rcf6 (34... Kg8 $1 $19 35. Rh5 b2) 35. Rh5+ $17 Kg8 36. Re7 (36. Bh7+ $17 Kf7 37. Rhe5 Rxf4 38. gxf4) 36... Bf3 $19 37. Rh4 $2 (37. Bh7+ {was the only defense.} Kh8 38. Rh3) 37... b2 $4 {[%mdl 8192]} (37... Rd8 $19 {Strongly threatening ...d3.} 38. Bh7+ Kf8) 38. Bh7+ $18 Kh8 {Threatens to win with ...g5.} 39. Ng6+ Rxg6 40. Bxg6+ Kg8 41. Rh7 $2 (41. Rxd4 $2 {[#]} Ne4 $1 {[%mdl 512]} 42. Bxe4 Bxe4 $19) (41. Rxa7 $2 Be4 $1 {[%mdl 512]} 42. Bf7+ Rxf7 43. Rxf7 b1=Q+ $19) (41. Bh7+ Kh8 42. Bb1+ (42. Rxa7 Bb7 $16) 42... Kg8 43. Bh7+ (43. Rxa7 $2 d3 44. Re7 Be2 45. Rxe2 dxe2 46. Bh7+ Kf7 47. Rf4+ Ke7 $19) (43. Rxd4 Ra8 44. Rd2 Na4 $18) 43... Kh8 44. Bb1+ (44. Rxa7 Bb7 $16) 44... Kg8 45. Rh7 (45. Rxa7 $2 d3 46. Re7 Be2 47. Rxe2 dxe2 48. Bh7+ Kf7 49. Rf4+ Ke7 $19)) 41... Rd8 {Threatening ...Ne6!} 42. Rexg7+ Kf8 43. Rf7+ (43. Rxa7 $16 {[%cal Rh7h8]} Bb7 44. Rhxb7 Nxb7 45. Rxb7) 43... Kg8 $11 44. Rfg7+ ({Not} 44. Rxa7 $2 Bb7 45. Raxb7 (45. Rhxb7 $2 Nxb7 46. Rxb7 d3 47. Rxb6 d2 $19) 45... Nxb7 46. Rxb7 d3 47. Bxd3 Rxd3 48. Rxb6 (48. Rb8+ $2 Kf7 49. Rb7+ Ke8 50. Rxb6 Rd1+ 51. Kf2 b1=Q 52. Rxb1 Rxb1 $19) 48... Rd1+ 49. Kf2 b1=Q 50. Rxb1 Rxb1 $19) 1/2-1/2

[Event "32nd Reykjavik Open 2017"]
[Site "Reykjavik"]
[Date "2017.04.21"]
[Round "4"]
[White "Karason, Askell O"]
[Black "Liang, Awonder"]
[Result "0-1"]
[WhiteElo "2289"]
[BlackElo "2483"]
[Annotator "TA"]
[PlyCount "97"]
[EventDate "2017.??.??"]
[EventType "swiss"]
[EventCountry "ISL"]
[SourceTitle "playchess.com"]
[Source "ChessBase"]
[SourceQuality "1"]

{[%evp 12,97,5,-15,0,-29,-7,-29,-26,-21,-26,-66,-17,-17,-17,-12,0,-20,0,-58,-27,-41,-3,-62,-59,-101,-82,-96,-86,-87,-86,-119,-133,-133,-133,-130,-122,-138,-129,-133,-125,-152,-147,-159,-166,-183,-166,-296,-266,-302,-292,-356,-333,-365,-337,-347,-332,-333,-313,-388,-327,-325,-279,-298,-285,-343,-350,-320,-262,-305,-313,-394,-393,-395,-404,-400,-391,-450,-452,-430,-418,-485,-450,-550,-562,-625,-625,-1515]} 1. Nf3 Nf6 2. c4 e6 3. d4 b6 4. Nc3 Bb4 5. Qb3 c5 6. Bg5 Bb7 7. O-O-O {LiveBook: 18 Games. E12: Queen's Indian: Unusual White 4th moves, 4 a3, 4 Nc3 Bb7 5 a3 and 4 Nc3 Bb7} (7. e3 O-O 8. Be2 cxd4 9. Qxb4 Nc6 10. Qa3 dxc3 11. bxc3 h6 12. Bh4 Rc8 13. Rd1 Qc7 14. Bxf6 gxf6 15. O-O {1-0 (59) Mamedyarov,S (2748)-Eljanov,P (2765) Shamkir 2016}) 7... cxd4 8. Qxb4 Na6 9. Qa3 {aiming for Nb5.The position is equal.} dxc3 10. Qxc3 Rc8 $146 (10... Nc5 11. Qd4 Rc8 12. e3 Nce4 13. Bh4 b5 14. Kb1 bxc4 15. Bxc4 O-O 16. Rc1 Qa5 17. Bb3 d6 18. Rhd1 Nd5 19. a3 e5 20. Qa4 Qb6 {0-1 (20) Fiala,J (2417)-Bubir,A (2464) LSS email 2008}) 11. Kb1 O-O {Hoping for ...Ne4.} (11... Nc5 $5 {is more complex.} 12. Qd4 Nce4 13. Bxf6 Nxf6 14. Ne5 O-O) 12. Bxf6 $1 Qxf6 13. Qxf6 ({Much weaker is} 13. Rxd7 Qxc3 14. bxc3 Nc5 $17) 13... gxf6 14. e3 Rfd8 15. Rd4 ({White should play} 15. Nd4 $11) 15... Kf8 16. Be2 Ke7 17. Rh4 (17. Rhd1 $11) 17... Nc5 $1 $15 18. Nd2 Bxg2 19. Rg1 Rg8 $36 {[%mdl 2048] White is under strong pressure.} 20. f3 {[#]} Bh3 $1 {[%mdl 512]} 21. Rg3 (21. Rxh3 Rxg1+) 21... Bf5+ 22. e4 Bg6 23. b4 Na6 24. a3 f5 25. Kb2 fxe4 26. Nxe4 Nb8 27. Nc3 Nc6 28. Rg1 Bf5 29. Rd1 (29. Rg3 $142) 29... Rg2 30. Kb3 Ne5 31. Re1 Rf2 32. Rf4 Bg6 ({Less strong is} 32... Rxh2 {[#]} 33. Rxf5 $1 {[%mdl 512]} exf5 34. Bd3 $17) 33. h4 d6 34. Rf1 Rh2 35. Re1 h5 36. Rd4 Nc6 37. Rd2 Rxh4 38. Red1 e5 {[%cal Be6e5,Be5f4,Bf4f3][%mdl 32]} 39. Nb5 Rd8 40. Kb2 Rh2 41. f4 exf4 42. Nc3 Kf8 43. Nd5 Rf2 44. Rf1 Rxf1 45. Bxf1 f3 46. Nf4 Ne5 {Black is clearly winning.} 47. Rd5 Ng4 48. Rd2 Ne3 49. Rf2 0-1

[Event "32nd Reykjavik Open 2017"]
[Site "Reykjavik"]
[Date "2017.04.21"]
[Round "4"]
[White "Plotkin, Victor"]
[Black "Perelshteyn, Eugene"]
[Result "0-1"]
[WhiteElo "2243"]
[BlackElo "2509"]
[Annotator "TA"]
[PlyCount "92"]
[EventDate "2017.??.??"]
[EventType "swiss"]
[EventCountry "ISL"]
[SourceTitle "playchess.com"]
[Source "ChessBase"]
[SourceQuality "1"]

{[%evp 20,92,-4,0,-12,-17,-12,-23,-25,-25,-25,-20,-27,-26,-27,-27,-16,-35,-29,-32,-33,-42,-51,-45,-44,-48,-43,-51,-29,-78,-22,-64,-53,-55,-59,-58,-50,-39,-64,-104,-121,-116,-119,-125,-122,-123,-123,-113,-104,-108,-104,-264,-242,-404,-310,-396,-380,-402,-384,-401,-392,-526,-392,-508,-404,-554,-548,-527,-526,-520,-473,-541,-537,-5273,-5169]} 1. e4 c5 2. c3 g6 3. d4 cxd4 4. cxd4 d5 5. exd5 Nf6 6. Bb5+ Nbd7 7. Nc3 Bg7 8. Nf3 O-O 9. d6 exd6 10. O-O Nb6 11. Re1 {LiveBook: 8 Games. B27: Sicilian: 2 Nf3, unusual Black 2nd moves} (11. h3 Nbd5 12. Nxd5 Nxd5 13. Bc4 Nb6 14. Bb3 Bf5 15. Re1 Re8 16. Rxe8+ Qxe8 17. Bf4 Qd7 18. Rc1 Be4 {½-½ (40) Rozentalis,E (2577)-Battaglini,G (2461) Jerusalem 2015}) 11... Be6 12. Bg5 $146 (12. Ng5 Bc4 13. Bxc4 Nxc4 14. b3 Qa5 15. Nge4 Nxe4 16. Nxe4 d5 17. bxc4 dxe4 18. Bb2 Rfe8 {½-½ (42) Nordahl,N (2348)-Nylander,E (2471) ICCF email 2007}) 12... h6 13. Bd2 {The position is equal.} a6 14. Bd3 Qd7 15. b3 Rac8 16. Rc1 Nbd5 17. Nxd5 Nxd5 18. Be4 Rxc1 19. Qxc1 Rc8 20. Qb2 Nf6 21. Bd3 Bd5 22. Rc1 Re8 23. Re1 Ne4 24. Be3 {[#]} b5 ({Black should try} 24... Nc5 $1 $17 {[%mdl 512]} 25. Be2 (25. Bc4 $2 Bxc4 26. Qc2 Nd3 $19) (25. dxc5 Bxb2) 25... Bxf3 26. gxf3 Ne6) 25. Rd1 Qb7 26. Bf1 b4 27. Rc1 Nc3 28. Nd2 Qb6 29. Rxc3 bxc3 30. Qxc3 a5 {[%cal Ba6a5,Ba5b4][%mdl 32]} 31. a4 Qb4 $1 {[%cal Rb4c3]} 32. Qxb4 axb4 33. Nc4 Bxc4 34. Bxc4 $17 {[%mdl 4096] Endgame [#] KRB-KB} d5 $1 {[%cal Rd5c4][%mdl 512]} 35. Bf1 $2 {[#]} (35. Ba6 $17) (35. Bxd5 Bxd4) 35... Rc8 $1 $19 36. Bd2 $2 (36. Be2 Rc2 37. Bd1) 36... Bxd4 37. Bxb4 Rc2 38. Be1 Bc3 39. Bxc3 Rxc3 {KR-KB} 40. b4 Rb3 41. g3 Rxb4 42. a5 Ra4 {Black is clearly winning.} 43. a6 Kg7 44. Bb5 Ra5 45. Bc6 d4 {[%cal Bd5d4,Bd4d3][%mdl 32]} 46. Bb7 d3 0-1

[Event "32nd Reykjavik Open 2017"]
[Site "Reykjavik"]
[Date "2017.04.21"]
[Round "4"]
[White "Maroroa, Sue"]
[Black "Thorfinnsson, Bragi"]
[Result "1/2-1/2"]
[WhiteElo "2148"]
[BlackElo "2457"]
[Annotator "TA"]
[PlyCount "145"]
[EventDate "2017.??.??"]
[EventType "swiss"]
[EventCountry "ISL"]
[SourceTitle "playchess.com"]
[Source "ChessBase"]
[SourceQuality "1"]

{[%evp 13,145,53,123,137,125,82,150,144,153,143,202,131,139,131,131,131,149,143,143,102,105,104,95,93,87,88,104,93,100,110,131,130,154,138,134,125,135,107,148,149,158,111,170,165,208,210,200,212,210,216,243,236,293,298,285,285,279,264,255,246,242,228,224,196,260,256,261,217,341,245,312,289,429,424,401,399,535,534,531,518,523,510,499,461,448,214,238,238,238,238,179,179,1351,1321,984,1124,1887,1996,2291,1139,2167,2239,29956,29958,29954,29965,5102,6420,29977,29978,29976,29977,29953,66,66,19,44,58,66,8,66,8,66,66,66,66,66,0,66,0,66,66,66,74]} 1. e4 g6 2. d4 Bg7 3. Nc3 c6 4. Be3 d5 5. Qd2 Nf6 6. e5 Ng4 7. Bf4 h5 (7... f6 $1 $14) 8. h3 $16 {B15: Caro-Kann: 3 Nc3: 3...g6 and 3...dxe4 4 Nxe4 Nf6 5 Nxf6+ exf6} Nh6 9. Nf3 Nf5 (9... a5 $142) 10. O-O-O {White is clearly better.} Qa5 $146 (10... e6 11. Bd3 Nh4 12. Nxh4 Qxh4 13. Kb1 Qe7 14. Bg5 Qf8 15. f4 b6 {1-0 (38) Howell,D (2416)-Rogers,N (2264) Minneapolis 2005}) 11. Bd3 {Strongly threatening g4.} h4 (11... Bf8 $16 12. Kb1 Ng7) 12. Rde1 Na6 13. a3 Nc7 14. Kb1 Be6 15. Bg5 a6 16. Re2 Nb5 17. Nxb5 axb5 18. Qxa5 Rxa5 19. Bxf5 gxf5 20. Bxh4 Kd7 21. Bg5 b6 22. h4 Rh5 23. Bd2 Ra4 24. Ka2 c5 25. b3 Ra7 26. Kb2 Rh8 27. Ra1 Rha8 (27... f4 $16) 28. c3 $18 f4 29. Bxf4 b4 30. cxb4 cxb4 31. a4 b5 32. a5 Bf5 33. Bd2 Rxa5 34. Rxa5 Rxa5 35. Bxb4 Ra8 36. Re1 Bh6 37. Ra1 Rxa1 38. Kxa1 {[%mdl 4096] Endgame KBB-KBN} Be4 (38... f6 $142 39. exf6 exf6) 39. Kb2 Ke6 40. Bc3 Bd3 (40... f6 {keeps fighting.} 41. exf6 exf6) 41. Ne1 Be2 42. Kc2 Kf5 (42... Bf1 $142 43. Bd2 Bf8) 43. Bd2 Bf8 44. f3 Kg6 45. Nd3 Bf1 46. Nf4+ Kh7 47. Kd1 Bh6 {If only Black now had time for ...Bxf4....} 48. Nxd5 Bxg2 49. Nxe7 (49. Ke2 $142 Bxd2 50. Kxd2) 49... Bxf3+ 50. Ke1 {Bxh6 is the strong threat.} Bf8 51. Bb4 Bxe7 52. Bxe7 {KB-KB} Bd5 $2 {[#]} (52... Kg6 53. Kf2 Bd5) 53. Kd2 Bxb3 54. Kc3 Bc4 55. Kb4 Kg6 56. Kc5 (56. Bf6 $142 Kf5 57. Kc5) 56... Kf5 57. h5 {[%cal Bh4h5,Bh5h6][%mdl 32]} Ke6 58. h6 Bd3 59. Bf6 Kd7 60. d5 {[%cal Bd4d5,Bd5e6][%mdl 32]} Kc7 61. e6 fxe6 62. dxe6 b4 63. Be5+ $2 (63. e7 {mates} Kd7 64. Kxb4 Ke8 65. Kc5 Kf7 66. Kd6 Bg6 {[#]} 67. h7 $1 {[%mdl 512]} Bxh7 68. Kd7 Kxf6 69. e8=Q) 63... Kd8 $14 64. Kd6 b3 65. Bb2 Ke8 66. Ke5 (66. Bd4 $14) 66... Bb1 (66... Ke7 $11) 67. Ba3 (67. Kf6 $14) 67... Bh7 (67... b2 $2 68. Kf6 Bd3 69. Bxb2 $18) (67... Bd3 $11) 68. Kd4 Bc2 (68... b2 $2 69. Bxb2 Kf8 70. Ke5 $18) 69. Kc3 Kd8 70. Kd4 Ke8 $1 (70... b2 71. Bxb2 Ke8 72. Ba3 $18) 71. Ke5 (71. Kc4 $1 $14) 71... Bb1 ({Not} 71... b2 $2 72. Bxb2 Kf8 73. Kd6 $18) (71... Bh7 $11) 72. Kf6 Bc2 (72... b2 73. Bxb2 Bh7 74. Kg7 Be4 75. Ba3 (75. h7 Bxh7 76. Kxh7 Ke7 $11) 75... Bf5 76. h7 Bxh7 77. Kxh7) 73. Bb2 1/2-1/2

[Event "32nd Reykjavik Open 2017"]
[Site "Reykjavik"]
[Date "2017.04.22"]
[Round "5"]
[White "Andreikin, Dmitry"]
[Black "Gupta, Abhijeet"]
[Result "1/2-1/2"]
[WhiteElo "2734"]
[BlackElo "2607"]
[Annotator "TA"]
[PlyCount "45"]
[EventDate "2017.??.??"]
[EventType "swiss"]
[EventCountry "ISL"]
[SourceTitle "playchess.com"]
[Source "ChessBase"]
[SourceQuality "1"]

{[%evp 13,45,15,35,30,33,25,52,0,8,8,26,26,32,45,38,27,28,19,34,0,38,0,35,28,50,9,9,0,24,0,11,0,40,0]} 1. e4 c5 2. Nf3 d6 3. d4 cxd4 4. Nxd4 Nf6 5. Nc3 Nc6 6. Bg5 e6 7. Qd2 a6 8. Nxc6 {B66: Sicilian: Richter-Rauzer: 7...a6 8 0-0-0 h6} (8. O-O-O h6 9. Nxc6 bxc6 10. Bf4 d5 11. Qe3 Bb4 12. Be2 O-O 13. e5 Nd7 14. h4 c5 15. Bxh6 gxh6 16. Qxh6 Nxe5 17. Rh3 Bxc3 18. bxc3 Ra7 19. Rg3+ Ng6 20. h5 Qh4 21. Rg4 Qh2 22. Bd3 {1-0 (22) Karjakin,S (2785)-Ivanchuk,V (2747) Doha 2016}) 8... bxc6 9. O-O-O {e5! is the strong threat.} d5 10. Be2 (10. Qe3 $14 Be7 11. h4) 10... Be7 11. h4 $146 (11. Qe3 O-O 12. h4 Nd7 13. Bxe7 Qxe7 14. exd5 cxd5 15. Nxd5 Qc5 16. Qxc5 Nxc5 {1-0 (36) Zhou,Q (1726)-Giblon,M (1572) Caldas Novas 2011}) 11... Rb8 12. Qe3 Qb6 13. Qxb6 Rxb6 14. Be3 Rb8 15. Bf4 Rb6 16. Be3 Rb8 17. Bf4 Rb6 18. Bc7 Rb4 19. Ba5 {Black must now prevent e5.} Rb8 20. Bc7 Rb4 21. Ba5 {next e5 is good for White.} Rb8 22. Bc7 Rb4 23. Ba5 1/2-1/2

[Event "32nd Reykjavik Open 2017"]
[Site "Reykjavik"]
[Date "2017.04.22"]
[Round "5"]
[White "Jobava, Baadur"]
[Black "Stefansson, Hannes"]
[Result "1-0"]
[WhiteElo "2712"]
[BlackElo "2566"]
[Annotator "TA"]
[PlyCount "59"]
[EventDate "2017.??.??"]
[EventType "swiss"]
[EventCountry "ISL"]
[SourceTitle "playchess.com"]
[Source "ChessBase"]
[SourceQuality "1"]

{[%evp 12,59,54,49,62,50,58,58,55,66,136,152,129,110,112,19,147,84,141,141,143,145,132,138,157,162,150,20,117,44,100,102,100,93,104,130,407,403,1035,1009,914,889,1136,1147,954,600,578,572,545,527]} 1. d4 Nf6 2. Bg5 e6 3. Nd2 h6 4. Bh4 c5 5. c3 {A45: Trompowsky Attack} Nc6 6. e3 b6 {[#]} 7. Ne4 $1 {[%mdl 512] LiveBook: 3 Games. White is slightly better.} Be7 (7... Nxe4 8. Bxd8) 8. Bxf6 $1 gxf6 $146 (8... Bxf6 9. d5 Ne5 10. f4 Ng6 11. Nf3 O-O 12. dxe6 dxe6 {1-0 (24) Vitiugov,N (2738)-Volokitin,A (2626) Wroclaw 2014}) 9. d5 $1 {[%cal Rd5c6]} Ne5 10. f4 f5 (10... Ng6 $1 $14) 11. fxe5 $16 {Black must now prevent dxe6.} fxe4 12. dxe6 dxe6 {[#]} 13. Qg4 (13. Qh5 $1 $16) 13... Qd7 (13... Qc7 $1 $11 {remains equal.}) 14. Rd1 (14. Nh3 $142) 14... Qc6 ({Better is} 14... Qa4) 15. Qg7 Rf8 16. Nh3 (16. Qxh6 Qa4 $11) 16... Bd7 17. Be2 (17. Qxh6 Qa4 18. Be2 Qxa2 $15) 17... c4 18. Rf1 (18. Qxh6 $6 Qb5 $11) 18... Qb5 19. b4 (19. Rd2 $16) 19... O-O-O {[#]} (19... a5 $1 $11 {keeps the balance.} 20. a3 Qa4) 20. Rd4 (20. Rxf7 $6 Rxf7 21. Qxf7 Bxb4 $11) ({White should play} 20. Nf4 $1 $16) 20... Qa4 (20... Kb8 $1 $14) 21. Rxf7 (21. Rxc4+ Kb8 22. Rxf7 Rg8 $11) 21... Qc2 22. Nf4 $36 {[%mdl 2048] Black is under strong pressure.} (22. Rxe7 $2 Qxc3+ 23. Rd2 Bc6 $19) 22... Rxf7 23. Qxf7 (23. Rxc4+ $6 Bc5 24. Rxc5+ (24. Qxf7 $2 Qc1+ 25. Bd1 Bb5 26. Rxc5+ bxc5 $19) 24... bxc5 $11) 23... Bg5 $2 {[%mdl 8192]} (23... Qxc3+ $16 {was called for.} 24. Kf2 Rf8 25. Qxe7 (25. Rxc4+ Qxc4 26. Qxf8+ Bxf8 $16) 25... Rxf4+ 26. Bf3 (26. exf4 $2 Qxd4+ 27. Kf1 c3 28. Ba6+ Kc7 29. Qd6+ Qxd6 30. exd6+ Kxd6 $19) 26... Qxd4 27. exd4 exf3) 24. Kf2 $18 ({Not} 24. Rxc4+ Kb8 $16) (24. Nxe6 Qxc3+ 25. Kf1 Bxe6 26. Qxe6+ Kb8 27. Rxd8+ Bxd8 $18) (24. Bxc4 Bxf4 25. Ba6+ (25. Qxf4 Qxc3+ 26. Kf2 Qc2+ 27. Kg1 Qc1+ 28. Bf1 Bb5 29. Rxd8+ Kxd8 $11) 25... Kc7 26. Qxf4 Qxc3+ 27. Kf2 Qb2+ 28. Be2 Bb5 29. Qf7+ Rd7 30. Rxd7+ Bxd7 $14) 24... b5 (24... Bxf4 $142 25. Qxf4 (25. Rxc4+ Kb8 26. exf4 Rc8 $16) 25... Re8) 25. Nxe6 {White is clearly winning.} Bxe6 26. Qxe6+ Kb8 27. Rxd8+ Bxd8 28. Qe8 Qd2 29. e6 Qd6 30. Qxb5+ 1-0

[Event "32nd Reykjavik Open 2017"]
[Site "Reykjavik"]
[Date "2017.04.22"]
[Round "5"]
[White "Almasi, Zoltan"]
[Black "Ramirez, Alejandro"]
[Result "1-0"]
[WhiteElo "2696"]
[BlackElo "2555"]
[Annotator "TA"]
[PlyCount "107"]
[EventDate "2017.??.??"]
[EventType "swiss"]
[EventCountry "ISL"]
[SourceTitle "playchess.com"]
[Source "ChessBase"]
[SourceQuality "1"]

{[%evp 14,107,2,-27,-10,-24,-14,-18,-23,-37,-18,-26,-25,-65,-19,-25,0,-3,45,38,48,22,52,64,60,35,42,28,127,136,128,116,158,58,108,112,123,114,120,131,168,144,132,54,47,52,45,32,25,9,40,0,72,9,17,11,32,0,0,0,30,0,0,0,0,0,0,0,0,0,0,0,479,477,463,437,465,469,436,391,391,401,402,403,411,411,402,400,381,374,500,334,5618,4777,29997,29998]} 1. Nf3 d5 2. g3 g6 3. c4 dxc4 4. Na3 {A09: Réti Opening: 1 Nf3 d5 2 c4} Bg7 5. Nxc4 Nc6 6. d3 (6. Bg2 e5 7. d3 Nge7 8. O-O O-O 9. Bd2 a5 10. Rc1 f6 11. a3 a4 12. b4 axb3 13. Qxb3 Kh8 14. a4 Rb8 15. Na3 Bg4 16. Bc3 {½-½ (98) Tomashevsky,E (2716)-Cheparinov,I (2689) Doha 2016}) 6... e5 7. Bd2 Nge7 {[%cal Bg8e7,Be7d5,Bd5b6][%mdl 32]} 8. Bg2 {LiveBook: 9 Games} Be6 9. Bc3 {[%cal Rf3e5]} f6 10. O-O $146 (10. b3 Qd7 11. O-O Bh3 {½-½ (62) Markowski,T (2550)-Greenfeld,A (2581) Leon 2001}) 10... O-O 11. Ncd2 Nd5 12. Ne4 Qe7 13. Qa4 Kh8 14. Bd2 Nb6 15. Qc2 Rad8 16. Nc5 Bc8 17. a3 Nd5 18. e4 Nb6 19. Rfc1 f5 20. b4 $36 {[%mdl 2048] White has some pressure.} f4 {[#]} (20... a6 $11 {remains equal.}) 21. b5 $1 $16 {[%cal Rb5c6]} Nd4 22. Nxd4 exd4 23. Nb3 (23. Bxf4 $16 Rxf4 24. gxf4) 23... Be5 {[#]} (23... fxg3 $6 24. hxg3 (24. fxg3 Rf7 $16) 24... Qf6 25. f4 $16) 24. Bb4 $1 {[%cal Rb4e7]} Qg5 25. Bxf8 Rxf8 26. Qd2 Qh5 27. Rc5 Nd7 28. Rxe5 (28. Rd5 $16) 28... Nxe5 $14 29. Nxd4 (29. gxf4 Bh3 30. fxe5 Bxg2 31. Kxg2 Qg4+ 32. Kh1 Qf3+ 33. Kg1 Qg4+ 34. Kf1 Qf3 $11) 29... Bh3 30. Bh1 Kg8 31. Rc1 Rd8 32. Qc3 c6 (32... fxg3 $6 33. hxg3 Qg5 34. Ne2 Rxd3 35. Qxc7 $16) (32... Rd7 $11) 33. bxc6 ({White should play} 33. a4 $16) 33... bxc6 $11 34. Qb3+ Kg7 35. Qc3 {And now Nf3 would win.} (35. Nxc6 Rxd3 36. Qxd3 Nxd3 37. f3 Qb5 38. Bg2 Qb6+ 39. Nd4 Qxd4+ 40. Kh1 Nxc1 41. Bxh3 Ne2 42. gxf4 Qg1#) 35... Kg8 $1 36. Qb3+ Kg7 37. Qb4 (37. Nxc6 Rxd3 38. Qa4 Nf3+ 39. Bxf3 Qxf3 40. Qxa7+ Kh6 41. Qg7+ Kxg7 42. gxf4 Qg2#) 37... Rd7 38. Qc3 {Hoping for Nf5+!} Kg8 39. Qb3+ (39. Nxc6 Nf3+ 40. Bxf3 Qxf3 41. Ne7+ Kf7 42. Qc4+ Kxe7 43. Qc5+ Kf7 44. Qc4+ Kg7 45. Qg8+ Kxg8 46. Rc8+ Kg7 47. Rg8+ Kxg8 48. gxf4 Qg2#) 39... Kg7 40. Qc3 (40. Nxc6 Nf3+ 41. Bxf3 Qxf3 42. Qc3+ Kh6 43. Qg7+ Kxg7 44. gxf4 Qg2#) 40... Kg8 41. Qb3+ (41. Nxc6 Nf3+ 42. Bxf3 Qxf3 43. Ne7+ Kf7 44. Qc4+ Kxe7 45. Qc5+ Kf7 46. Qc4+ Kg7 47. Qg8+ Kxg8 48. Rc8+ Kg7 49. Rg8+ Kxg8 50. gxf4 Qg2#) 41... Kg7 42. Qb2 (42. Nxc6 {gets mated.} Nf3+ 43. Bxf3 Qxf3 44. Qc3+ Kh6 45. Qg7+ Kxg7 46. gxf4 Qg2#) 42... Kh6 $2 {[%mdl 8192] [#]} (42... Nxd3 $11 {and Black has nothing to worry.} 43. Nf5+ Kg8 44. Qa2+ Kf8) 43. Nf5+ $1 $18 {[%mdl 512]} Bxf5 (43... gxf5 44. Qxe5) 44. Qxe5 fxg3 45. hxg3 (45. Qxg3 Bh3 $16) 45... Bg4 46. Qf4+ Kg7 47. Rxc6 {Threatens to win with Qf6+.} ({Less strong is} 47. f3 Be6 $16) 47... Rxd3 {( -> ...Rd1+)} 48. Rc7+ Rd7 49. Bf3 {Strongly threatening Rxd7+.} Qa5 50. Rxd7+ ({Not} 50. Bxg4 Rxc7 51. e5 Rf7 $17) 50... Bxd7 51. Qd6 Bb5 {intending ...Qe1+.} 52. Kg2 a6 $2 (52... Kf7 53. Bg4 Qb6 54. Be6+ Ke8) 53. e5 {Threatening mate with Qf6+.} Qe1 54. Qf6+ 1-0

[Event "32nd Reykjavik Open 2017"]
[Site "Reykjavik"]
[Date "2017.04.22"]
[Round "5"]
[White "Vidit, Santosh Gujrathi"]
[Black "Giri, Anish"]
[Result "1/2-1/2"]
[WhiteElo "2670"]
[BlackElo "2771"]
[Annotator "TA"]
[PlyCount "24"]
[EventDate "2017.??.??"]
[EventType "swiss"]
[EventCountry "ISL"]
[SourceTitle "playchess.com"]
[Source "ChessBase"]
[SourceQuality "1"]

{[%evp 23,24,0,8]} 1. Nf3 Nf6 2. g3 d5 3. Bg2 c5 4. O-O g6 5. c4 Bg7 6. cxd5 Nxd5 7. d4 cxd4 8. Nxd4 O-O 9. Nb5 Be6 10. Nd4 $146 (10. Bxd5 Bxd5 11. N1c3 Bxc3 12. Nxc3 Bc6 13. Bh6 Re8 14. Qb3 Nd7 15. Rfd1 Qc8 16. Bf4 Nf6 17. f3 {½-½ (26) Cheparinov,I (2689)-Li,C (2720) Doha 2016}) 10... Bc8 11. Nb5 Be6 12. Nd4 Bc8 {LiveBook: 282 Games} 1/2-1/2

[Event "32nd Reykjavik Open 2017"]
[Site "Reykjavik"]
[Date "2017.04.22"]
[Round "5"]
[White "Grandelius, Nils"]
[Black "Jones, Gawain C B"]
[Result "1/2-1/2"]
[WhiteElo "2641"]
[BlackElo "2671"]
[Annotator "TA"]
[PlyCount "60"]
[EventDate "2017.??.??"]
[EventType "swiss"]
[EventCountry "ISL"]
[SourceTitle "playchess.com"]
[Source "ChessBase"]
[SourceQuality "1"]

{[%evp 16,60,16,9,8,10,9,9,10,10,11,10,11,11,11,11,11,11,23,19,21,0,0,0,0,0,0,0,0,0,11,0,0,0,0,0,0,0,0,0,0,0,0,0,0,0,0]} 1. d4 Nf6 2. Nf3 g6 3. c4 Bg7 4. Nc3 O-O 5. e4 d6 6. Be2 e5 7. O-O Nc6 8. dxe5 dxe5 9. Bg5 Bg4 {E97: King's Indian: Classical Main Line (6...e5 7 0-0 Nc6): 8 Be3 and 8 d5 Ne7, not 9 Ne1} 10. Qxd8 Nxd8 11. Bxf6 Bxf6 12. Nd5 Kg7 13. Nxc7 ({Reject} 13. Nxf6 Kxf6 14. Rfe1 Nc6 $17) 13... Rc8 14. Nd5 Bxf3 $1 15. gxf3 Ne6 16. Kg2 Nf4+ 17. Nxf4 exf4 {[#] The position is equal.} 18. Rfd1 $146 b6 19. Rd7 Rfd8 20. Rad1 Rxd7 21. Rxd7 Bxb2 22. Rxa7 $11 {[%mdl 4096] Endgame KRB-KRB} Rc5 23. Rb7 Bd4 24. Rd7 Rg5+ 25. Kf1 Bc5 26. a4 Rh5 27. Kg2 Rg5+ 28. Kf1 Rh5 29. Kg2 Rg5+ 30. Kf1 Rh5 1/2-1/2